| 000 | 00693cam a22002414a 4500 | ||
|---|---|---|---|
| 003 | UPN | ||
| 005 | 20220906133755.0 | ||
| 008 | 090216s2005 es r 000 j spa d | ||
| 020 | _a849655404X | ||
| 020 | _a9788496554047 | ||
| 035 | _aUPN01000169323 | ||
| 040 |
_aUPN _bspa _cUPN |
||
| 049 | _aCG | ||
| 050 | 4 |
_aPQ6264 _bC58 |
|
| 245 | 0 | 3 |
_aLa ciudad perdida : _bel último caso del detective Terratrémol / _ceditor Mariano Sánchez Soler. |
| 260 |
_aMadrid : _bSirius, _cc2005. |
||
| 300 | _a147 páginas | ||
| 490 | 0 |
_aTransversal ; _v2 |
|
| 650 | 4 |
_aCuentos españoles _912796 |
|
| 700 | 1 |
_aSánchez Soler, Mariano, _d1954- _eeditor _945670 |
|
| 905 | _aLibro | ||
| 942 |
_2lcc _cLIBRO |
||
| 999 |
_c141429 _d141429 |
||